| 000 | 00498nam a22001937a 4500 | ||
|---|---|---|---|
| 005 | 20151210111633.0 | ||
| 008 | 150512b xxu||||| |||| 00| 0 eng d | ||
| 020 | _a9780077349943 | ||
| 041 | 0 | _aeng | |
| 080 | _a512.5 | ||
| 100 | 1 | _aMiller, Julie; | |
| 245 | 0 |
_aAlgebra _cJulie Miller; Molly O'Neill; Nance Hyde |
|
| 250 | _a3 rd ed.; | ||
| 260 |
_aAmericas _bMcGraw-Hill _c2008 |
||
| 300 |
_a913 f.; _bme il.; _c28 cm, |
||
| 505 | _aIndex: f. 913 - 917 | ||
| 650 | 0 | _aAlgjebra | |
| 942 |
_2udc _cBK |
||
| 999 |
_c748 _d748 |
||